000 00646nam a2200205 a 4500
005 20140412111352.0
008 050425s19uu xx 00 eng d
020 _a0-02-660839-1
050 _aTR(GS 372.4
_bD423 2000
100 _aDennison, Mike
245 _aSis the cat :
_bdecodable book /
_cby Mike Dennison ; illustrated by Susanne DeMarco.
260 _aColumbus, Ohio :
_bSRA/McGraw-Hill,
_c2000.
300 _a16 p. ; ill.
440 _aSRA Open Court Reading
500 _aLevel B, Set 1, Book 14
650 _aReading
_xPhonetics
_xJuvenile literature
650 _aCats
_xFiction
650 _aChildren stories
999 _c105337
_d105337